Houston Astros All Time Stat Leaders - Statistics

General Stats
  • This quiz has been taken 97 times
  • The average score is 7 of 15
Answer Stats
Stat Catergories Team Record Players % Correct
Most Home runs 449 HR Jeff Bagwell
86%
Most Hits 3060 Hits Craig Biggio
85%
Most Strikeouts 1866 K's Nolan Ryan
85%
Most RBI's 1529 RBI Jeff Bagwell
78%
Most Doubles 668 Doubles Craig Biggio
73%
Most Walks 1401 BB Jeff Bagwell
70%
Most Saves 225 Saves Bobby Wagner
51%
Most Stolen Bases 487 SB Cesar Cedeno
32%
Most Wins 144 Wins Joe Niekro
31%
Most Triples 80 Triples Jose Cruz
27%
Most Losses 117 Losses Larry Dierker
19%
Most Completed Games 106 CG Larry Dierker
17%
Most Shutouts 25 SHO Larry Dierker
17%
Highest Batting Average .331 BA Moises Alou
17%
Lowest ERA 2.40 ERA Roger Clemens
15%
No matching quizzes found
Score Distribution
Percent of People with Each Score
Percentile by Number Answered
Your Score History
You have not taken this quiz